EuroTel sa usiluje o posilnenie svojej pozície na trhu

Pôsobenie spoločnosti EuroTel na Slovensku. EuroTel ponúka služby Internetu a chce prevádzkovať v SR sieť NMT. Komplexné služby dátových komunikácií. Konkurencia služby GSM nie je ešte aktuálna. Vývoj počtu účastníkov verejnej rádiotelefónnej siete EuroTelu. Nárast zákazníkov SDS EuroTel a zákazníck...

Descrizione completa

Salvato in:
Dettagli Bibliografici
Autore principale: Lajčiaková, D.
Natura: Capitolo di libro
Lingua:slovacco
Soggetti:
Tags: Aggiungi Tag
Nessun Tag, puoi essere il primo ad aggiungerne!!

MARC

LEADER 00000naa a2200000 4500
001 r022907
005 20230921075356.5
041 0 |a slo 
044 |a SK 
245 1 0 |a EuroTel sa usiluje o posilnenie svojej pozície na trhu  |c D. Lajčiaková 
520 |a Pôsobenie spoločnosti EuroTel na Slovensku. EuroTel ponúka služby Internetu a chce prevádzkovať v SR sieť NMT. Komplexné služby dátových komunikácií. Konkurencia služby GSM nie je ešte aktuálna. Vývoj počtu účastníkov verejnej rádiotelefónnej siete EuroTelu. Nárast zákazníkov SDS EuroTel a zákazníckych pripojení. 
610 2 0 |a Slovensko 
610 2 0 |a EuroTel, s.r.o. Bratislava 
610 2 0 |a NMT 
610 2 0 |a GSM 
610 2 0 |a siete dátové 
610 2 0 |a technológie komunikačné 
610 2 0 |a služby verejné 
610 2 0 |a zákazníci 
610 2 0 |a údaje štatistické 
610 2 0 |a 1991-1996 
100 1 |a Lajčiaková, D.